[Event "Girona-ch"]
[Site "Blanes"]
[Date "2015.??.??"]
[Round "2"]
[White "Cargol Verdaguer, Ferran"]
[Black "Foix Breto, Antoni"]
[Result "0-1"]
[WhiteElo "1704"]
[BlackElo "1831"]
[PlyCount "54"]
[EventDate "2015.09.27"]
[EventType "swiss"]
[EventRounds "9"]
[EventCountry "ESP"]
[SourceTitle "EXT 2017"]
[Source "ChessBase"]
[SourceDate "2016.10.25"]
[SourceVersion "1"]
[SourceVersionDate "2016.10.25"]
[SourceQuality "1"]

1. d4 Nf6 2. Bf4 e6 3. e3 d5 4. a3 c5 5. Nf3 Nc6 6. c4 Bd6 7. Ne5 Qc7 8. Nc3 a6 9. Bd3 Nxe5 10. dxe5 Bxe5 11. Qf3 Bxf4 12. exf4 dxc4 13. Bxc4 0-0 14. 0-0 Bd7 15. Rfe1 b5 16. Bd3 Bc6 17. Be4 Nxe4 18. Nxe4 f5 19. Nf6+ Rxf6 20. Qb3 Bd5 21. Qg3 Rg6 22. Qc3 Rxg2+ 23. Kf1 Qc6 24. Re3 Bc4+ 25. Ke1 Rg1+ 26. Kd2 Rd8+ 27. Kc2 Rxa1 0-1

[Event "Girona-ch"]
[Site "Blanes"]
[Date "2015.??.??"]
[Round "6"]
[White "Mas Cazorla, Josep"]
[Black "Cargol Verdaguer, Ferran"]
[Result "1/2-1/2"]
[WhiteElo "1599"]
[BlackElo "1704"]
[PlyCount "50"]
[EventDate "2015.09.27"]
[EventType "swiss"]
[EventRounds "9"]
[EventCountry "ESP"]
[SourceTitle "EXT 2017"]
[Source "ChessBase"]
[SourceDate "2016.10.25"]
[SourceVersion "1"]
[SourceVersionDate "2016.10.25"]
[SourceQuality "1"]

1. e4 e6 2. Nf3 Nf6 3. Nc3 Be7 4. Bc4 d6 5. 0-0 0-0 6. d3 c6 7. Bg5 d5 8. Bxf6 Bxf6 9. exd5 cxd5 10. Bb3 Nc6 11. Ba4 Nb4 12. a3 Nc6 13. d4 Rb8 14. Bb5 Qa5 15. b4 Qc7 16. Bxc6 bxc6 17. Na4 e5 18. dxe5 Bxe5 19. Nxe5 Qxe5 20. Qe1 Re8 21. Qxe5 Rxe5 22. Rae1 Rxe1 23. Rxe1 Bd7 24. c3 Re8 25. Rxe8+ Bxe8 1/2-1/2